A Sanofi- Aventis Zrt. ellátási láncának vizsgálata a készletgazdálkodás és a partnerkapcsolat építés területén

Bibliográfiai részletek
Szerző: Nagy Dorina
További közreműködők: Király Dr. Éva
Dokumentumtípus: Záródolgozat
Kulcsszavak:Ellátási lánc
Készletgazdálkodás
Partnerkapcsolat
Sanofi Zrt.
Kérdőív elemzés
Online Access:http://dolgozattar.uni-bge.hu/3930

MARC

LEADER 00000nta a2200000 i 4500
001 dolg3930
005 20160201100952.0
008 151202suuuu hu o 000 hun d
040 |a BGE Dolgozattár Repozitórium  |b hun 
041 |a hu 
100 1 |a Nagy Dorina 
245 1 2 |a A Sanofi- Aventis Zrt. ellátási láncának vizsgálata a készletgazdálkodás és a partnerkapcsolat építés területén  |c Nagy Dorina  |h [elektronikus dokumentum] 
246 1 1 |a A Sanofi- Aventis Zrt. ellátási láncának vizsgálata a készletgazdálkodás és a partnerkapcsolat építés területén 
516 |a Final_paper 
695 |a Ellátási lánc 
695 |a Készletgazdálkodás 
695 |a Partnerkapcsolat 
695 |a Sanofi Zrt. 
695 |a Kérdőív elemzés 
700 1 |a Király Dr. Éva  |e ths 
856 4 0 |u http://dolgozattar.uni-bge.hu/3930/1/Szakdolgozat%20Nagy%20Dorina_xc4ift.pdf  |z Dokumentum-elérés